| 000 | 01312cam a22003614a 4500 | ||
|---|---|---|---|
| 001 | 14717453 | ||
| 003 | OSt | ||
| 005 | 20151015151426.0 | ||
| 008 | 070130s2007 maua 001 0 eng | ||
| 010 | _a 2007004363 | ||
| 015 |
_aGBA6A2646 _2bnb |
||
| 016 | 7 |
_a013619072 _2Uk |
|
| 020 | _a9781422114933 (pbk. : alk. paper) | ||
| 020 | _a1422114937 (pbk. : alk. paper) | ||
| 035 | _a(OCoLC)ocm76936226 | ||
| 035 | _a(OCoLC)76936226 | ||
| 040 |
_aDLC _cDLC _dUKM _dBAKER _dC#P _dYDXCP _dBTCTA _dDLC |
||
| 050 | 0 | 0 |
_aHD 30.23 _b.H339 2007 |
| 082 |
_aIB 658.4 _bH26s 2007 |
||
| 245 | 0 | 0 | _aHarvard business review on making smarter decisions / |
| 246 | 3 | 0 | _aMaking smarter decisions |
| 246 | 1 |
_iAt head of title on cover: _aIdeas with impact |
|
| 260 |
_aBoston, Massachusetts _bHarvard Business School Publishing Corporation, _cc2007. |
||
| 300 |
_avii, 208 p. : _c21 cm. |
||
| 440 | 4 | _aThe Harvard business review paperback series | |
| 650 | 0 | _aDecision making. | |
| 730 | 0 | _aHarvard business review. | |
| 856 | 4 | 1 |
_3Table of contents only _uhttp://www.loc.gov/catdir/toc/ecip079/2007004363.html |
| 906 |
_a7 _bcbc _corignew _d1 _eecip _f20 _gy-gencatlg |
||
| 942 |
_2lcc _cBK |
||
| 999 |
_c2097 _d2097 |
||